000 02592nam a22003973i 4500
001 991027459001307026
003 UkOxU
005 20260306133552.0
006 m o d |
007 cr#cnu||||||||
008 241019s2024 xx o ||||0 eng d
020 _a9781529419818
020 _a1529419816
035 _a(MiAaPQ)EBC30645740
035 _a(Au-PeEL)EBL30645740
035 _a(CKB)36361887800041
035 _a(Exl-AI)30645740
035 _a(Perlego)4194661
035 _a(OCoLC)1468711058
035 _a(EXLCZ)9936361887800041
040 _aMiAaPQ
_beng
_erda
_epn
_cMiAaPQ
_dMiAaPQ
041 _aEnglish
050 4 _aZ246.C35
100 _aCaldwell, Cath.
_926844
245 1 0 _aEditorial Design Third Edition
_b: Digital and Print.
250 _aThird edtion
264 1 _aLondon :
_bLaurence King Publishing,
_c2024.
300 _a222 pages
505 8 _aEditorial Design -- What is editorial design? ; Editorial and commerce ; The different roles of designers in editorial ; Insights: Jeremy Leslie, magCulture -- Changing Editorial Formats -- Newspapers ; Magazines ; The changing face of digital ; Insights: Alex Breuer, The Guardian ; Brief One: Concepts -- Independent Magazines -- Setting out to self-publish ; Insights: Steven Watson, Stack magazines ; Insights: Richard Turley, Civilization -- Covers -- Branding and identity ; The cover ; The development of covers from 1940 to the present day ; The different ways of designing covers ; The components of a cover ; Insights: Ian Birch, editorial director and author ; Insights: Platon, editorial photographer ; Brief Two: Masthead and covers -- Seamlessly Integrating Digital and Print.
520 _aThis book explores the field of editorial design, offering a comprehensive guide to creating effective page layouts across both print and digital mediums. It delves into the relationship between editorial design and commerce, the roles of designers, and the various formats of editorial publications. The text provides insights into independent magazines, cover design, and the integration of digital and print content. It aims to equip readers with essential design skills, from typography to art direction, and examines the evolution of editorial design. The book is intended for design students and professionals, providing practical guidance and inspiration from leading figures in the industry.
650 0 _aDigital media
_99437
650 0 _aDigital media - Design
_926845
650 0 _aGraphic design (Typography)
_924849
650 0 _aVisual communication
_98714
942 _2lcc
999 _c5397
_d5397